书目信息 |
| 题名: |
中国当代广播电视文艺学
|
|
| 作者: | 张凤铸 主编 | |
| 分册: | ||
| 出版信息: | 北京 北京广播学院出版社 2004 |
|
| 页数: | 426页 | |
| 开本: | 20cm | |
| 丛书名: | ||
| 单 册: | ||
| 中图分类: | G229.2 | |
| 科图分类: | ||
| 主题词: | 广播电视--文艺学--研究--中国--教材 , 广播电视 , 文艺学 | |
| 电子资源: | ||
| ISBN: | 978-7-81085-311-8 | |
| 000 | 00916nam0 2200265 45 | |
| 001 | 1132073640 | |
| 005 | 20110314084752.62 | |
| 010 | @a978-7-81085-311-8@dCNY28.00 | |
| 100 | @a20110121e20102004em y0chiy50 ea | |
| 101 | 0 | @achi |
| 102 | @aCN@b110000 | |
| 105 | @ay z 000yy | |
| 106 | @ar | |
| 200 | 1 | @a中国当代广播电视文艺学@AZhong Guo Dang Dai Guang Bo Dian Shi Wen Yi Xue@f张凤铸等主编@FZhang Feng Zhu Deng Zhu Bian |
| 210 | @a北京@c北京广播学院出版社@d2004@h2010 | |
| 215 | @a426页@d20cm | |
| 300 | @a广播电视艺术学专业教材 | |
| 330 | @a本书内容包括“当代中国广播文艺的艺术实践、当代中国广播文艺理论研究概要、中国电视文艺节目的形态分析、广播电视音乐等。 | |
| 606 | 0 | @a广播电视@x文艺学@x研究@y中国@j教材 |
| 606 | 0 | @a广播电视 |
| 606 | 0 | @a文艺学 |
| 690 | @aG229.2@v4 | |
| 701 | 0 | @a张凤铸@AZhang Feng Zhu@f(1936~)@4主编 |
| 801 | 0 | @aCN@bTANGWEI@c20110314 |
| 905 | @b0532325-29@dG229.2@e131@f5 | |
| 中国当代广播电视文艺学/张凤铸等主编.-北京:北京广播学院出版社,2004(2010) |
| 426页;20cm |
| 广播电视艺术学专业教材 |
| ISBN 978-7-81085-311-8:CNY28.00 |
| 本书内容包括“当代中国广播文艺的艺术实践、当代中国广播文艺理论研究概要、中国电视文艺节目的形态分析、广播电视音乐等。 |
| ● |
| 相关链接 |
|
|
|
|
正题名:中国当代广播电视文艺学
索取号:G229.2/131
 
预约/预借
| 序号 | 登录号 | 条形码 | 馆藏地/架位号 | 状态 | 备注 |
| 1 | 0532325 | 205323256 | 第一样本阅览室/ [索取号:G229.2/131] | 在馆 | |
| 2 | 0532326 | 205323265 | 第四借阅区/ [索取号:G229.2/131] | 在馆 | |
| 3 | 0532327 | 205323274 | 第四借阅区/ [索取号:G229.2/131] | 在馆 | |
| 4 | 0532328 | 205323283 | 第四借阅区/ [索取号:G229.2/131] | 在馆 | |
| 5 | 0532329 | 205323292 | 中文系资料室/ [索取号:G229.2/131] | 在馆 |